000 02143cam a22006254i 4500
003 PE-LiUPU
005 20250731170450.0
008 150706s2008 sp a rb 000 0 spa d
020 _a849700440X
020 _a9788497004404
035 _a(Sirsi) i9788497004404
040 _aPE-LiUPU
_bspa
_cPE-LiUPU
_dPE-LiUPU
_erda
049 _aPRUA
082 0 4 _a150.794 8
_bT33
_221
100 1 _aTejeiro, Ricardo,
_eautor.
245 1 3 _aLa psicología de los videojuegos :
_bun modelo de investigación /
_cRicardo Tejeiro Salguero, Manuel Pelegrina del Río.
264 1 _aArchidona, Málaga :
_bAljibe,
_c[2008].
300 _a177 páginas :
_bilustraciones ;
_c24 centímetros
336 _atext
_2rdacontent
337 _aunmediated
_2rdamedia
338 _avolume
_2rdacarrier
504 _aIncluye bibliografía.
505 0 _aEl fenómeno de los videojuegos -- ¿Cómo (y por qué) usamos los videojuegos? -- La polémica sobre los videojuegos.
526 _aSEG68
526 _aSEG70
526 _aSEG69
526 _aSEG67
526 _aSEG43
526 _aP144
526 _aP143
526 _aP131
526 _aP122
526 _aP120
526 _aP117
526 _aP112
526 _aP110
526 _aP106
526 _aP101
526 _aP80
526 _aP59
526 _aP54
526 _aP35
526 _aP33
526 _aP30
541 _g001-0031616;
650 0 4 _aVideojuegos
_xAspectos psicológicos.
650 0 4 _aVideojuegos
_xAspectos sociales.
700 1 _aPelegrina del Río, Manuel,
_eautor.
910 _bjv
_cjvm
_d20100615
942 _2ddc
_cBOOK
949 _a150.794 8 T33
_wDEWEY
_c1
_i61878
_d2016-10-27
_e2016-10-24
_lCCODEBUL1
_mBUL
_n10
_p33.00
_r0
_sY
_tBOOK
_u2015-7-6
_xSALUD
_PP33
_0COMPRA
_o.STAFF. Colección Ciencias de la Salud
994 _aC0
_bPEPRU
596 _a1
999 _a150.794 8 T33
_wDEWEY
_c50999
_i61878
_d50999
_e2019-3-24
_f2021-11-3
_g5
_lCCODEBUL1
_mBUL
_n18
_p33.00
_r0
_sY
_tBOOK
_u2015-7-6
_xSALUD
_zP33
_0COMPRA
_o.STAFF. Colección Ciencias de la Salud
980 _81
_gALBERTO SANCHEZ Responsable de Automatización